书目信息 |
| 题名: |
儒家大智慧
|
|
| 作者: | 金智学 主编 | |
| 分册: | 下册 | |
| 出版信息: | 长春 北方妇女儿童出版社 2004 |
|
| 页数: | 682-1025页 | |
| 开本: | 20cm | |
| 丛书名: | 中华历史大智慧 | |
| 单 册: | ||
| 中图分类: | B222-49 | |
| 科图分类: | ||
| 主题词: | 儒家--通俗读物 , 儒家 | |
| 电子资源: | ||
| ISBN: | 7-5385-2522-X | |
| 000 | 00858oam2 2200253 450 | |
| 001 | 0123456209914 | |
| 005 | 20070729092528.40 | |
| 010 | @a7-5385-2522-X@dCNY26.80 | |
| 100 | @a20050126d2004 em y0chiy0110 ea | |
| 101 | 0 | @achi |
| 102 | @aCN@b220000 | |
| 105 | @aa z 000yy | |
| 200 | 1 | @a儒家大智慧@Aru jia da zhi hui@h下册@f金智学主编 |
| 210 | @a长春@c北方妇女儿童出版社@d2004 | |
| 215 | @a682-1025页@c图@d20cm | |
| 225 | 2 | @a中华历史大智慧 |
| 330 | @a本书主要内容包括:“南方多文臣 北方出皇帝”、“不怕出身苦就怕胆气不足——成就大业的第一要素”、“长做太平宰相的奥妙——教你一辈子掌权得宠的绝活”、“皇权制度下的怪胎——宦官”等。 | |
| 461 | 0 | @12001 @a中华历史大智慧 |
| 606 | 0 | @a儒家@j通俗读物 |
| 606 | 0 | @a儒家 |
| 690 | @aB222-49@v4 | |
| 701 | 0 | @a金智学@Ajin zhi xue@4主编 |
| 801 | 0 | @aCN@bWHC@c20070729 |
| 905 | @a10447@dB222-49@e338:3 | |
| 儒家大智慧.下册/金智学主编.-长春:北方妇女儿童出版社,2004 |
| 682-1025页:图;20cm.-(中华历史大智慧) |
| ISBN 7-5385-2522-X:CNY26.80 |
| 本书主要内容包括:“南方多文臣 北方出皇帝”、“不怕出身苦就怕胆气不足——成就大业的第一要素”、“长做太平宰相的奥妙——教你一辈子掌权得宠的绝活”、“皇权制度下的怪胎——宦官”等。 |
| ● |
| 相关链接 |
|
|
|
|
正题名:儒家大智慧
索取号:B222-49/338:3
 
预约/预借
| 序号 | 登录号 | 条形码 | 馆藏地/架位号 | 状态 | 备注 |
| 1 | 0789190 | 207891904 | 第一样本阅览室/ [索取号:B222-49/338:3] | 在馆 | |
| 2 | 0789191 | 207891913 | 教育系资料室/ [索取号:B222-49/338:3] | 在馆 | |
| 3 | 0789192 | 207891922 | 第一借阅区/ [索取号:B222-49/338:3] | 在馆 | |
| 4 | 0789193 | 207891931 | 第一借阅区/ [索取号:B222-49/338:3] | 在馆 | |
| 5 | 0789194 | 207891940 | 教育系资料室/ [索取号:B222-49/338:3] | 在馆 |